Борис Ельцин - Новая Россия - Мир. Т. 1 (Запись № 4654673)

Подробности
000 -МАРКЕР
контрольное поле 01125nam2a2200253 i 4500
001 - ИДЕНТИФИКАТОР ЗАПИСИ
контрольное поле RU\NLR\bibl\2067487
005 - ИДЕНТИФИКАТОР ВЕРСИИ
контрольное поле 20241225205802.0
010 ## - МЕЖДУНАРОДНЫЙ СТАНДАРТНЫЙ НОМЕР КНИГИ (ISBN)
Номер (ISBN) 9785905155031 (Т. 1)
Тираж 1000
021 ## - НОМЕР ГОСУДАРСТВЕННОЙ РЕГИСТРАЦИИ
Код страны Российская Федерация
Номер 2013-60429
Номер Листа государственной регистраци 4148
035 ## - ДРУГИЕ СИСТЕМНЫЕ НОМЕРА
Идентификатор записи (NLR Aleph) 002053915
100 ## - ДАННЫЕ ОБЩЕЙ ОБРАБОТКИ
Данные общей обработки 20131026d2012 km y0rusy50 ca
101 0# - ЯЗЫК РЕСУРСА
Язык текста, звукозаписи и т.д. русский
102 ## - СТРАНА ПУБЛИКАЦИИ ИЛИ ПРОИЗВОДСТВА
Страна публикации Российская Федерация
105 ## - ПОЛЕ КОДИРОВАННЫХ ДАННЫХ: ТЕКСТОВЫЕ МАТЕРИАЛЫ, МОНОГРАФИЧЕСКИЕ
Кодированные данные о монографическом текстовом документе a||||||||||||
200 0# - ЗАГЛАВИЕ И СВЕДЕНИЯ ОБ ОТВЕТСТВЕННОСТИ
Основное заглавие Т. 1
210 ## - ПУБЛИКАЦИЯ, РАСПРОСТРАНЕНИЕ И ДР.
Дата издания, распространения и т.д. 2012
215 ## - ФИЗИЧЕСКАЯ ХАРАКТЕРИСТИКА
Специфическое обозначение материала и объем 382, [1]
Другие сведения о физической характеристике ил.
461 #1 - УРОВЕНЬ НАБОРА
Встроенное поле 001RU\NLR\bibl\2080968
-- 2001#$aБорис Ельцин - Новая Россия - Мир$vТ. 1
Идентификатор связанной записи RU\NLR\bibl\2080968
Системный номер (АБИС) связанной записи 4702520
Место публикации Москва
Дата публикации 2012
Первые сведения об ответственности предисл. и общ. ред. Бурбулиса Г.Э.]
Имя издателя, распространителя и т.д. Центр "Стратегия"
Сведения, относящиеся к заглавию материалы Первого Всероссийского конкурса научных работ студентов, аспирантов и молодых ученых 2011 года : [в 2 т.
Заглавие Борис Ельцин - Новая Россия - Мир
ISBN 9785905155024
Номер тома Т. 1
801 #0 - ИСТОЧНИК ЗАПИСИ
Страна Российская Федерация
Организация NLR
Дата составления 20130830
Правила каталогизации RCR
801 #1 - ИСТОЧНИК ЗАПИСИ
Страна Российская Федерация
Организация NLR
Дата составления 20130830
942 ## - ДОПОЛНИТЕЛЬНЫЕ ЭЛЕМЕНТЫ ЗАПИСИ (АБИС)
Тип экземпляра АБИС Книга
980 ## - КОЛЛЕКЦИЯ
Название коллекции НБР

Нет доступных экземпляров.